Everybody else is doing it, so why can't we? (Record no. 1062)

MARC details
000 -LEADER
fixed length control field 00394nam a2200145 a 4500
005 - DATE AND TIME OF LATEST TRANSACTION
control field 20260322212045.0
008 - FIXED-LENGTH DATA ELEMENTS--GENERAL INFORMATION
fixed length control field data
092 ## - LOCALLY ASSIGNED DEWEY CALL NUMBER (OCLC)
Classification number 359
001 - CONTROL NUMBER
control field data
110 2# - MAIN ENTRY--CORPORATE NAME
Corporate name or jurisdiction name as entry element Cranberries (Musical group)
245 10 - TITLE STATEMENT
Title Everybody else is doing it, so why can't we?
Statement of responsibility, etc. Cranberries (Musical group).
260 ## - PUBLICATION, DISTRIBUTION, ETC.
Place of publication, distribution, etc. USA
Name of publisher, distributor, etc. Island Records Inc.
Date of publication, distribution, etc. 1993
650 #0 - SUBJECT ADDED ENTRY--TOPICAL TERM
Topical term or geographic name entry element Rock music
General subdivision 2011-2020
650 #0 - SUBJECT ADDED ENTRY--TOPICAL TERM
Topical term or geographic name entry element Electric guitar music
Holdings
Withdrawn status Lost status Damaged status Not for loan Home library Current library Shelving location Date acquired Total checkouts Full call number Barcode Date last seen Price effective from Koha item type
        Franklin Franklin General stacks 22/03/2026   GEN BC0011096 22/03/2026 22/03/2026 Books